Countries With The Most Chinese Ancestry - Statistics

General Stats
  • This quiz has been taken 37 times
  • The average score is 25 of 30
Answer Stats
Total Country % Correct
5,56 mil United States
100%
1,140 mil China
97%
2,14 mil Canada
94%
1,50 mil Philippines
94%
506,000 Russia
94%
9,89 mil Thailand
94%
635,000 United Kingdom
94%
1,16 mil Australia
91%
450,000 Brazil
91%
188,500 Mexico
91%
267,000 Spain
91%
667,000 France
89%
340,000 New Zealand
89%
1,05 mil South Korea
89%
895,000 Vietnam
89%
210,430 Germany
86%
934,500 Japan
86%
22,3 mil Taiwan
86%
193,620 Argentina
83%
310,000 Italy
83%
7,20 mil Malaysia
83%
3,09 mil Singapore
83%
700,000 Cambodia
80%
3,34 mil Indonesia
80%
200,000 Laos
80%
1,81 mil Myanmar
74%
4,43 mil Peru
69%
387,500 South Africa
69%
400,000 United Arab Emirates
54%
195,000 Panama
29%
No matching quizzes found
Score Distribution
Percent of People with Each Score
Percentile by Number Answered
Your Score History
You have not taken this quiz